1799 1314 1280 1579 1991 1234 1700 1749 1985 1312 1106 1391 1702 1957 1613 1588 1939 1799 1763 1835 1316 1702 1232 1873 1974 1419 1493 1116 1766 1313 1500 1789 1803 1658 1965 1319 1562 1296 1471 1011 1354 1524 1240 1042 1712 1383 1257 1651 1759 1626 1801 1004 1966 1156 1470 1881 1598 1672 1045 1844 1070 1970 1398 1388 1929 1881 1959 1091 1185 1360 1416 1480 1646 1853 1868 1448 1922 1266 1037 1477 1668 1695 1242 1550 1034 1083 1150 1465 1716 1487 1013 1522 1352 1255 1442 1355 1089 1736 1836 BCNSPRNW ULIB Ver.6.0+V

เปลี่ยนเป็นภาษาไทย

Change to English
 แสดงรายละเอียดบรรณานุกรม
  กลับหน้าหลัก

Brief Record : Get Marc (ISO 2709) : E-mail record : QR code < ปิดหน้าต่าง
LEADER : 00000nam 2200000uu 4500
001    13399120943
003     ULIB
008    121026s2548||||th 000 0 tha d
020    ^a9746144928(ล.2)
020    ^a9789746144926
050  4 ^aHF541^bส719จ ล.2
110 1  ^aมหาวิทยาลัยสุโขทัยธรรมาธิราช^bสาขาวิชาคหกรรมศาสตร์
245 00 ^aเอกสารการสอนชุดวิชาจิตวิทยาการบริการ หน่วยที่ 8-15 =^bPsychology for the hospitality industry /^cมหาวิทยาลัยสุโขทัยธรรมธิราช สาขาวิชาคหกรรมศาสตร์
246 0  ^aPsychology for the hospitality industry
250    ^aพิมพ์ครั้งที่ 9
260    ^aนนทบุรี:^bศูนย์หนังสือมหาวิทยาลัยสุโขทัยธรรมาธิราช,^c2548
300    ^a410 หน้า
650  7 ^aการบริการลูกค้า
650  7 ^aจิตวิทยาอุตสาหกรรม
945    ^p0^l0^i24454
995    ^aทศพร
999    ^aทศพร เกษรทอง
รายการนี้ยังไม่มีแท็ก
คุณยังไม่ได้ล็อกอิน คุณสามารถมีกิจกรรมร่วมกับเว็บไซต์ได้ แต่ต้องล็อกอินก่อน ::
  ล็อกอิน

รายการสื่อสารสนเทศ

ลำดับที่ ประเภท เลขเรียก/บาร์โค้ด สถานที่ สถานะ
1. วิทยาศาสตร์การแพทย์ และสุขภาพ
วิทยาศาสตร์การแพทย์ และสุขภาพ
HF541 ส719จ ล.2 ฉ.1 
  Barcode: 24454
ห้องสมุดวิทยาเขตสวรรค์ประชารักษ์
►หนังสือทั่วไป
บนชั้น

รายการใกล้เคียง
    หัวเรื่อง [การบริการลูกค้า]
    หัวเรื่อง [จิตวิทยาอุตสาหกรรม]

BibComment


ยังไม่เคยถูกคอมเมนท์

คอมเมนท์ทรัพยากรรายการนี้
  คอมเมนท์: เอกสารการสอนชุดว..


 Copyright 2026. Bcnsprnw @Library